000 01089nam a2200301 a 4500
001 000029165
003 DO-SdBNP
005 20230315130956.0
008 110413s1999 dr 000 0 spa d
040 _aDO-SdBNP
_bspa
_cBPMSU
082 4 _a327.172
_bV422s 1999
_222
100 1 _aVega, Bernardo,
_d1938 -
245 1 0 _aLa segunda guerra fría :
_bla ley y el orden en las relaciones de los Estados Unidos con El Caribe /
_cVega, Bernardo ; presentación Rubén Silié.
250 _8
260 _aSanto Domingo :
_bFlasco,
_c1999.
_b
300 _a24 p. ;
_c21 cm.
490 0 _aConferencias ;
500 _a
500 _aIncluye datos biografícos del autor en la contracubierta
590 _6Inventariado, 2023/VM
650 4 _a
651 4 _a Estados Unidos
_xRelaciones exteriores
_zCaribe (Region)
700 1 _aSilié, Rubén
_d1946-
710 2 _aFacultad Latinoamericana de Ciencias Sociales (República Dominicana)
710 2 _aSecretaría de Estado de Relaciones Exteriores (República Dominicana)
910 _aVMateo V. Control de calidad (BPMSU)
942 _2ddc
_cBK
999 _c14376
_d14376